[Event "COMMONWEALTH CHESS CHAMPIONSHI"]
[Site "Nagpur,India"]
[Date "2008.10.06"]
[Round "11.94"]
[White "Wijesuriya, G V."]
[Black "Prajapati, Malhar"]
[Result "1-0"]
[WhiteElo "1941"]
[BlackElo "1598"]
[PlyCount "49"]
[EventDate "2008.09.28"]
[Source "MonRoi"]

1. d4 Nf6 2. c4 g6 3. Nc3 d5 4. Nf3 Bg7 5. e3 O-O 6. Bd3 dxc4 7. Bxc4 Nbd7 8.
O-O Nb6 9. Bb3 c6 10. Ne5 Qc7 11. f4 Nbd5 12. Qf3 Nxc3 13. bxc3 Bf5 14. g4 Be4
15. Qg3 c5 16. Ba3 Nd5 17. Rac1 Bxe5 18. Bxd5 Bxd5 19. fxe5 Bxa2 20. Bxc5 Be6
21. Qh4 Rfd8 22. g5 h5 23. gxh6 Kh8 24. Qg5 b6 25. Ba3 1-0

[Event "COMMONWEALTH CHESS CHAMPIONSHI"]
[Site "Nagpur,India"]
[Date "2008.10.06"]
[Round "11.97"]
[White "Anjana Krishna, S."]
[Black "Megha Gupta"]
[Result "1-0"]
[WhiteElo "1845"]
[BlackElo "1643"]
[PlyCount "88"]
[EventDate "2008.09.28"]
[Source "MonRoi"]

1. e4 e5 2. Nf3 Nc6 3. Bc4 Bc5 4. c3 Nf6 5. d4 exd4 6. O-O d6 7. cxd4 Bb6 8. h3
h6 9. Nc3 O-O 10. Bf4 Nh5 11. Bh2 Nf6 12. Qd2 Re8 13. Rfe1 a6 14. Rad1 Ba7 15.
a3 b5 16. Bb3 Bb7 17. Bf4 Na5 18. Ba2 Nc6 19. Bxh6 g6 20. Qg5 d5 21. exd5 Rxe1+
22. Rxe1 Nh7 23. Qxd8+ Rxd8 24. dxc6 Bxc6 25. Ne5 Be8 26. Nxg6 Bxd4 27. Ne7+
Kh8 28. Re4 c5 29. Nf5 Bxc3 30. bxc3 Nf6 31. Bg7+ Kh7 32. Bxf6 Rd1+ 33. Kh2 Kg6
34. Rxe8 Kxf5 35. Bh8 Kg6 36. Re7 Rd2 37. Bxf7+ Kh7 38. Be5 Rxf2 39. Bd5+ Kh6
40. Re6+ Kg5 41. Be4 Kh5 42. Bf3+ Kg5 43. Rxa6 Kf5 44. Bg3 Rc2 {Score Sheet is
not legible} 1-0

[Event "COMMONWEALTH CHESS CHAMPIONSHI"]
[Site "Nagpur,India"]
[Date "2008.10.06"]
[Round "11.109"]
[White "M  Anshuman"]
[Black "Ghate, V N."]
[Result "1-0"]
[WhiteElo "1566"]
[BlackElo "1972"]
[PlyCount "52"]
[EventDate "2008.09.28"]
[Source "MonRoi"]

1. e4 d5 2. exd5 Nf6 3. Nc3 Nxd5 4. Nxd5 Qxd5 5. Qf3 Qa5 6. b3 Qe5+ 7. Kd1 Qxa1
8. Bc4 e6 9. Ne2 Ba3 10. Re1 O-O 11. h4 Nc6 12. Qg3 e5 13. h5 h6 14. f4 Bf5 15.
d3 e4 16. Rf1 Nb4 17. Kd2 exd3 18. Bxd3 Bxd3 19. cxd3 Qxa2+ 20. Ke1 Rfe8 21.
Be3 Rxe3 22. Qg4 Nxd3+ 23. Kd1 Bb4 24. Nc3 Re1+ 25. Rxe1 Nf2+ 26. Kc1 Ba3# 1-0